Kadra Lecha Poznań w sezonie 2009/10 - Statystyki

Ogólne statystyki
  • Ten quiz został rozwiązany 164 razy
  • Średni wynik to 14 z 29
Statystyki odpowiedzi
Pozycja Piłkarz % Poprawnych
Napastnik Robert Lewandowski
96%
Bramkarz Krzysztof Kotorowski
93%
Obrońca Manuel Arboleda
90%
Bramkarz Jasmin Burić
87%
Pomocnik Sławomir Peszko
84%
Pomocnik Semir Stilić
81%
Obrońca Bartosz Bosacki
67%
Pomocnik Dimitrije Injac
65%
Napastnik Hernan Rengifo
65%
Obrońca Luis Henriquez
61%
Obrońca Grzegorz Wojtkowiak
56%
Obrońca Marcin Kikut
56%
Pomocnik Sergey Krivets
56%
Pomocnik Jakub Wilk
53%
Obrońca Ivan Djurdjević
50%
Pomocnik Mateusz Możdżeń
50%
Pomocnik Tomasz Bandrowski
42%
Obrońca Marcin Kamiński
33%
Obrońca Seweryn Gancarczyk
31%
Bramkarz Grzegorz Kasprzik
29%
Napastnik Tomasz Mikołajczak
27%
Pomocnik Anderson Cueto
25%
Pomocnik Jan Zapotoka
21%
Obrońca Zlatko Tanevski
21%
Napastnik Bartosz Bereszyński
19%
Pomocnik Gordan Golik
16%
Napastnik Krzysztof Chrapek
16%
Pomocnik Haris Handzić
13%
Obrońca Mateusz Szałek
3%
Nie znaleziono quizów pasujących do podanych kryteriów
Rozkład punktacji
Procent ludzi z każdym wynikiem
Percentyl według liczby udzielonych odpowiedzi
Twoja historia wyników
Nie rozwiązałeś tego quizu